Teilnehmer erste Austragung Europapokal der Landesmeister (1955/56) - Statistiken

Allgemein
  • Dieses Quiz wurde 49 mal gespielt
  • Das Durchschnittsergebnis liegt bei 8 aus 16
Antwortstatistiken
Land Spieler % Korrekt
Spanien Real Madrid
90%
Portugal Sporting Lissabon
90%
Österreich Rapid Wien
85%
Italien AC Mailand
83%
Niederlande PSV Eindhoven
83%
Belgien RSC Anderlecht
83%
BR Deutschland RW Essen
56%
Heute deutsche Region 1. FC Saarbrücken
46%
Jugoslawien Partizan Belgrad
46%
Schweiz Servette FC
34%
Frankreich Stade Reims
32%
Schottland Hibernian Edinburgh
24%
Ungarn MTK Budapest
24%
Dänemark Aarhus GF
17%
Schweden Djurgardens
5%
Polen Gwardia Warschau
2%
Keine übereinstimmenden Quizze gefunden
Verteilung der Resultate
Anzahl Personen mit jedem Resultat
Perzentil nach korrekt beantworteten Fragen
Ihre Resultats-Entwicklung
Sie haben dieses Quiz noch nicht gespielt